000 00507nam a22001697a 4500
999 _c9052
_d9052
008 210322b ||||| |||| 00| 0 eng d
040 _aBMS College of Architecture
100 _aS, Kushala
245 _aResidential school Bangalore
300 _a73p.
500 _a1BM07AT021
502 _8B.Arch
_NBMS College of Architecture, Visvesvaraya Technological University
_aProject report
_d2012
650 _aBangalore
700 _aShobha M N
_eGuide
700 _aK R Madhu Chand
_eGuide
942 _2ddc
_cTHE